Lecciones de derecho constitucional / (Record no. 155602)

MARC details
000 -LEADER
campo de control de longitud fija 00717nam a22001815i 4500
001 - NÚMERO DE CONTROL
campo de control 155602
003 - IDENTIFICADOR DE NÚMERO DE CONTROL
campo de control ES-MaACL
005 - FECHA Y HORA DE LA ÚLTIMA TRANSACCIÓN
campo de control 20250808090131.0
008 - DATOS DE LONGITUD FIJA--INFORMACIÓN GENERAL
campo de control de longitud fija 040726s1887 dq |||| | spa d
040 ## - FUENTE DE CATALOGACIÓN
Centro catalogador/agencia de origen CAM
Lengua de catalogación spa
Centro/agencia transcriptor CAM
100 1# - ENTRADA PRINCIPAL--NOMBRE DE PERSONA
Nombre de persona Hostos, Eugenio María de,
Fechas asociadas al nombre 1839-1903
9 (RLIN) 64302
245 10 - MENCIÓN DEL TÍTULO
Título Lecciones de derecho constitucional /
Mención de responsabilidad, etc. por Eugenio Maria Hostos.
260 ## - PUBLICACIÓN, DISTRIBUCIÓN, ETC.
Lugar de publicación, distribución, etc. Santo Domingo :
Nombre del editor, distribuidor, etc. [s.n.],
Fecha de publicación, distribución, etc. 1887 (
Fabricante Imprenta "Cuna de América")
300 ## - DESCRIPCIÓN FÍSICA
Extensión 261, V p. ;
Dimensiones 26 cm.
650 #7 - PUNTO DE ACCESO ADICIONAL DE MATERIA--TÉRMINO DE MATERIA
Término de materia o nombre geográfico como elemento de entrada Derecho constitucional
Fuente del encabezamiento o término embne
9 (RLIN) 11680
852 ## - LOCALIZACIÓN
Ubicación ES-MaACL
Número de control de estantería Z-82
Nota libre -- Enc. pasta española
-- -- Legado Bernal
-- -- Dedicatoria ms. del autor a Calixto Bernal
Encuadernación Olim: F-11297
Holdings
Estatus retirado Estado de pérdida Estado de daño No para préstamo Colección Biblioteca de origen Biblioteca actual Ubicación en estantería Fecha de adquisición Total de préstamos Signatura topográfica completa Código de barras Visto por última vez Precio de reemplazo Tipo de ítem Koha
        Libros del s. XIX Biblioteca del Ateneo de Madrid Biblioteca del Ateneo de Madrid Depósito 17/01/2008   Z-82 1162762 23/02/2023 23/02/2023 Libro impreso antiguo